000 00315nam a22001337a 4500
008 170131b xxu||||| |||| 00| 0 eng d
020 _a129146372500229500206520
041 _aeng
080 _a61
100 _a3
101 _aSHM
245 _aHERBAL PRESCRIPTIONS FOR BETTER HEALTH
_cBROWN, D.J
942 _2udc
_cBK
999 _c4151
_d4151